Letters from ancient Egypt
Αποθηκεύτηκε σε:
| Άλλοι συγγραφείς: | , |
|---|---|
| Μορφή: | Βιβλίο |
| Γλώσσα: | English |
| Δημοσίευση: |
Atlanta, Georgia :
Scholars Press,
[c1990]
|
| Σειρά: | Writings from the ancient world ;
; 1 |
| Θέματα: | |
| Ετικέτες: |
Προσθήκη ετικέτας
Δεν υπάρχουν, Καταχωρήστε ετικέτα πρώτοι!
|
MARC
| LEADER | 00000nam a2200000 i 4500 | ||
|---|---|---|---|
| 001 | 1/72028 | ||
| 008 | 080123s1990 eng d | ||
| 020 | |a 1-55540-473-1 (pbk.) | ||
| 035 | |l 10094044 | ||
| 040 | |a GR-MY-UA |b gre |e aacr | ||
| 041 | 0 | |a eng | |
| 082 | 0 | |a 932 |2 (22) | |
| 245 | 1 | 0 | |a Letters from ancient Egypt / |c translated by Edward F. Wente ; edited by Edmund S. Meltzer |
| 260 | |a Atlanta, Georgia : |b Scholars Press, |c [c1990] | ||
| 300 | |a xii, 271 σ.; |c 24 εκ. | ||
| 490 | 1 | |a Writings from the ancient world |v ; 1 | |
| 504 | |a Βιβλιογραφία: σ. 238-250. Γλωσσάρι και ευρετήριο | ||
| 650 | 0 | 0 | |a Egyptian letters |x Translations into English. |
| 650 | 0 | 0 | |a English letters |x Translations from Egyptian. |
| 700 | 1 | |a Wente, Edward Frank |d 1930- |4 trl | |
| 700 | 1 | |a Meltzer, Edmund S. |4 edt | |
| 830 | 0 | |a Writings from the ancient world ; |v ; 1 | |
| 852 | |a INST |b RHODES |e 20080123 |h 932 LET |p 005400030330 |q 005400030330 |t BK |y 0 | ||
| 901 | |a BIBL4-2008-1 | ||
| 909 | |a Ρ |b 142455 | ||
| 922 | |a 4ΕΛΗ |b 200712 |c ΕΠΕΑΕΚ2/ΤΜΣ |d ΕΛΕΥΘΕΡΟΥΔΑΚΗΣ | ||
| 970 | |a ΚΟΖΑ |b ΜΑΡΙΑ |z 2008/01/23 | ||